アイドルマスターのカバー曲 - Statistics

General Stats
  • This quiz has been taken 9 times
  • The average score is 32 of 196
Answer Stats
アイドル 曲名 収録CD % Correct
プロデューサー 明日があるさ(ジョージアで行きましょう編) ANIM@TION MASTER 生っすかSPECIAL 03
75%
萩原雪歩 MASTER ARTIST 2 -FIRST SEASON- 07
63%
如月千早 ふたりのもじぴったん Gratitude(アニメイト版)
50%
高槻やよい ふたりのもじぴったん MASTER ARTIST 02
50%
星井美希 すいみん不足 MASTER ARTIST 03
50%
菊地真 仮面舞踏会 MASTER ARTIST 04
50%
萩原雪歩 津軽海峡・冬景色 MASTER ARTIST 09
50%
高槻やよい 帰り道 アイドルマスターブレイク!第3巻 限定版特製CD
50%
三浦あずさ 千本桜 MASTER ARTIST 3 11
50%
星井美希 手紙 〜拝啓、15の君へ〜 MIKI&TAKANE COVER -SPRING SONGS-
50%
天海春香 TOMORROW ANIM@TION MASTER 生っすかSPECIAL 04
50%
天海春香 大スキ! MASTER ARTIST 01
38%
天海春香 悲しみよこんにちは MASTER ARTIST 01
38%
高槻やよい リルラ リルハ MASTER ARTIST 02
38%
星井美希 涙のハリケーン MASTER ARTIST 03
38%
如月千早 鳥の詩 MASTER ARTIST 05
38%
水瀬伊織 ガーネット MASTER ARTIST 08
38%
水瀬伊織 ラビットパニック MASTER SPECIAL 06
38%
高槻やよい チキンライス MASTER SPECIAL WINTER
38%
我那覇響 MASTER SPECIAL SPRING
38%
我那覇響 涙そうそう MASTER ARTIST 2 -FIRST SEASON- 02
38%
四条貴音 月のワルツ MASTER ARTIST 2 -FIRST SEASON- 06
38%
三浦あずさ ウイスキーが、お好きでしょ MASTER ARTIST 2 -SECOND SEASON- 03
38%
菊地真 未来予想図Ⅱ ANIM@TION MASTER 生っすかSPECIAL 04
38%
如月千早 小さきもの ANIM@TION MASTER 生っすかSPECIAL 05
38%
高槻やよい 夏祭り YAYOI&YUKIHO COVER -SUMMER SONGS-
38%
我那覇響 少年時代 MAKOTO&HIBIKI COVER -SUMMER SONGS-
38%
天海春香 クリスマス・イブ HARUKA&CHIHAYA COVER -WINTER SONGS-
38%
四条貴音 春よ、来い MIKI&TAKANE COVER -SPRING SONGS-
38%
双海真美 新宝島 MASTER ARTIST 4 13
38%
秋月律子 1/6の夢旅人 MASTER ARTIST 10
38%
秋月律子 Diamonds MASTER ARTIST 3 13
38%
四条貴音 staple stable アイドルマスターブレイク!第3巻 限定版特製CD
38%
(複数人) VACATION Vacation For You!
38%
如月千早 オリビアを聴きながら Gratitude
25%
如月千早 まっくら森の歌 MASTER ARTIST 05
25%
双海亜美/真美 笑顔のゲンキ MASTER ARTIST 06
25%
音無小鳥 やさしさに包まれたなら MASTER ARTIST FINAL
25%
萩原雪歩 夏影 Vacation For You!
25%
四条貴音 キューティーハニー アイドルマスターブレイク!第2巻 限定版特製CD
25%
水瀬伊織 恋愛サーキュレーション アイドルマスターブレイク!第3巻 限定版特製CD
25%
菊地真 星間飛行 MASTER ARTIST 2 -FIRST SEASON- 04
25%
雪歩/真美/やよい スウィートドーナッツ MASTER ARTIST 2 -FIRST SEASON- 07
25%
雪歩/真美/やよい スウィートドーナッツ MASTER ARTIST 2 -FIRST SEASON- 08
25%
雪歩/真美/やよい スウィートドーナッツ MASTER ARTIST 2 -FIRST SEASON- 09
25%
双海亜美 想い出がいっぱい MASTER ARTIST 2 -SECOND SEASON- 02
25%
秋月律子 空色デイズ MASTER ARTIST 2 -SECOND SEASON- 04
25%
四条貴音 魂のルフラン ANIM@TION MASTER 生っすかSPECIAL 01
25%
三浦あずさ リフレクティア ANIM@TION MASTER 生っすかSPECIAL 02
25%
萩原雪歩 アムリタ ANIM@TION MASTER 生っすかSPECIAL 05
25%
(複数人) ゆりゆららららゆるゆり大事件 THE IDOLM@STER 第1巻 特装版付録CD
25%
水瀬伊織 卒業 IORI&RITSUKO COVER -SPRING SONGS-
25%
天海春香 天使の絵の具 MASTER ARTIST 3 01
25%
天海春香 アイスキャンディ MASTER ARTIST 3 01
25%
如月千早 数え歌 MASTER ARTIST 3 07
25%
如月千早 恋人がサンタクロース MASTER ARTIST 3 07
25%
双海亜美 贈る言葉 MASTER ARTIST 3 12
25%
我那覇響 海の声 MASTER ARTIST 4 05
25%
萩原雪歩 Agape MASTER ARTIST 3 09
25%
我那覇響 Is This Love MASTER SPECIAL 03
25%
如月千早 Jupiter Gratitude
25%
貴音/あずさ motto☆派手にね! THE IDOLM@STER 第1巻 特装版付録CD
25%
秋月律子 POP STAR MASTER ARTIST 4 09
25%
星井美希 Squall MASTER ARTIST 2 -FIRST SEASON- 03
25%
星井美希 sugar sweet nightmare アイドルマスターブレイク!第3巻 限定版特製CD
25%
双海亜美 YATTA! MASTER ARTIST 3 12
25%
プロデューサー YELL〜エール〜 ANIM@TION MASTER 生っすかSPECIAL 03
25%
如月千早 空へ... Gratitude
13%
双海亜美/真美 ラムのラブソング MASTER ARTIST 06
13%
水瀬伊織 ドゥー・ユー・リメンバー・ミー MASTER ARTIST 08
13%
萩原雪歩 好きになって、よかった MASTER ARTIST 09
13%
(複数人) サンタが町にやってくる Christmas for you!
13%
高槻やよい サンタクロースはどこのひと Christmas for you!
13%
天海春香 雪に願いを Christmas for you!
13%
星井美希 星の降る街 Christmas for you!
13%
水瀬伊織 カナリア諸島にて Vacation For You!
13%
三浦あずさ 愛より青い海 Vacation For You!
13%
双海亜美/真美 夏空グラフィティ Vacation For You!
13%
双海亜美/真美 青空のナミダ MASTER SPECIAL 02
13%
如月千早 遠い音楽 MASTER SPECIAL 03
13%
萩原雪歩 風と雲と私 MASTER SPECIAL 04
13%
三浦あずさ 近道したい MASTER SPECIAL 05
13%
星井美希 深紅 MASTER SPECIAL 06
13%
天海春香 ムーンライト伝説 アイドルマスターブレイク!第2巻 限定版特製CD
13%
我那覇響 ハッピー☆マテリアル アイドルマスターブレイク!第2巻 限定版特製CD
13%
如月千早 愛について MASTER ARTIST 2 -FIRST SEASON- 05
13%
高槻やよい さんぽ MASTER ARTIST 2 -FIRST SEASON- 09
13%
水瀬伊織 バレンタイン・キッス MASTER ARTIST 2 -SECOND SEASON- 01
13%
星井美希 ね~え? ANIM@TION MASTER 生っすかSPECIAL 01
13%
我那覇響 亜熱帯ガール ANIM@TION MASTER 生っすかSPECIAL 01
13%
四条貴音 かたちあるもの ANIM@TION MASTER 生っすかSPECIAL 01
13%
星井美希 夢で逢えたら ANIM@TION MASTER 生っすかSPECIAL 01
13%
水瀬伊織 恋とマシンガン ANIM@TION MASTER 生っすかSPECIAL 02
13%
双海亜美 歩いて帰ろう ANIM@TION MASTER 生っすかSPECIAL 02
13%
水瀬伊織 ホウキ雲 ANIM@TION MASTER 生っすかSPECIAL 02
13%
高槻やよい らびゅらびゅ ANIM@TION MASTER 生っすかSPECIAL 03
13%
高槻やよい トイレの神様 ANIM@TION MASTER 生っすかSPECIAL 03
13%
天海春香 天使のゆびきり ANIM@TION MASTER 生っすかSPECIAL 04
13%
双海真美 可能性ガール ANIM@TION MASTER 生っすかSPECIAL 04
13%
双海真美 未来の地図 ANIM@TION MASTER 生っすかSPECIAL 04
13%
萩原雪歩 風の魔法 ANIM@TION MASTER 生っすかSPECIAL 05
13%
音無小鳥 以心伝心しよう ANIM@TION MASTER 生っすかSPECIAL 05
13%
(複数人) マイペースでいきましょう THE IDOLM@STER 第1巻 特装版付録CD
13%
菊地真 シーズン・イン・ザ・サン MAKOTO&HIBIKI COVER -SUMMER SONGS-
13%
双海亜美/真美 雪國 AMI/MAMI&AZUSA COVER -WINTER SONGS-
13%
菊地真 変わらないもの MASTER ARTIST 3 03
13%
水瀬伊織 カプチーノ MASTER ARTIST 3 05
13%
四条貴音 せぷてんばぁ MASTER ARTIST 3 06
13%
高槻やよい ヒーロー MASTER ARTIST 3 10
13%
天海春香 明日はきっといい日になる MASTER ARTIST 4 01
13%
天海春香 卒業写真 MASTER ARTIST 4 01
13%
三浦あずさ MASTER ARTIST 4 08
13%
双海真美 女々しくて MASTER ARTIST 4 13
13%
真/千早/貴音 星のかけらを探しに行こうAgain MASTER ARTIST 2 -FIRST SEASON- 04
13%
真/千早/貴音 星のかけらを探しに行こうAgain MASTER ARTIST 2 -FIRST SEASON- 05
13%
真/千早/貴音 星のかけらを探しに行こうAgain MASTER ARTIST 2 -FIRST SEASON- 06
13%
我那覇響 ambivalent world アイドルマスターブレイク!第3巻 限定版特製CD
13%
我那覇響 Believe ANIM@TION MASTER 生っすかSPECIAL 01
13%
あずさ/律子 Best Friend MASTER ARTIST 2 -SECOND SEASON- 03
13%
あずさ/律子 Best Friend MASTER ARTIST 2 -SECOND SEASON- 04
13%
星井美希 Catch You Catch Me MASTER ARTIST 3 04
13%
菊地真 DING DONG Christmas for you!
13%
我那覇響 ECHO MASTER ARTIST 4 05
13%
三浦あずさ Everything AMI/MAMI&AZUSA COVER -WINTER SONGS-
13%
萩原雪歩 For フルーツバスケット MASTER SPECIAL SPRING
13%
菊地真 Groovin' Magic ANIM@TION MASTER 生っすかSPECIAL 04
13%
双海亜美 イタズラなKISS ANIM@TION MASTER 生っすかSPECIAL 02
13%
菊地真 アンバランスなKissをして MASTER ARTIST 3 03
13%
如月千早 PEARL-WHITE EVE Christmas for you!
13%
秋月律子 Resolution MASTER SPECIAL 02
13%
如月千早 Shangri-La ANIM@TION MASTER 生っすかSPECIAL 05
13%
秋月律子 Sunny Day Sunday Vacation For You!
13%
菊地真 Swallowtail Butterfly〜あいのうた〜 MASTER ARTIST 04
13%
秋月律子 東京は夜の七時〜the night is still young〜 MASTER ARTIST 10
13%
春香/響/美希 Tip Taps Tip MASTER ARTIST 2 -FIRST SEASON- 01
13%
春香/響/美希 Tip Taps Tip MASTER ARTIST 2 -FIRST SEASON- 02
13%
春香/響/美希 Tip Taps Tip MASTER ARTIST 2 -FIRST SEASON- 03
13%
双海真美 Yeah!めっちゃホリディ MASTER ARTIST 3 08
13%
春香/千早/やよい サイレントナイト MASTER SPECIAL 765
0%
美希/響/貴音 聖なる夜に MASTER SPECIAL 961
0%
天海春香 それが、愛でしょう MASTER SPECIAL 01
0%
高槻やよい じゅもんをあげるよ MASTER SPECIAL 01
0%
四条貴音 やさしい両手 MASTER SPECIAL 04
0%
菊地真 ナツノハナ MASTER SPECIAL 05
0%
双海亜美/真美 ワンダー☆ウィンター☆ヤッター!! MASTER SPECIAL WINTER
0%
星井美希 一時間遅れの僕の天使 MASTER SPECIAL WINTER
0%
三浦あずさ すてきなホリデイ MASTER SPECIAL WINTER
0%
如月千早 遠い街から MASTER SPECIAL WINTER
0%
天海春香 色・ホワイトブレンド MASTER SPECIAL SPRING
0%
菊地真 明日、春が来たら MASTER SPECIAL SPRING
0%
水瀬伊織 はるのきおく MASTER SPECIAL SPRING
0%
天海春香 世界でいちばん頑張ってる君に MASTER ARTIST 2 -FIRST SEASON- 01
0%
双海真美 夢の中へ MASTER ARTIST 2 -FIRST SEASON- 08
0%
伊織/亜美 あ~よかった MASTER ARTIST 2 -SECOND SEASON- 01
0%
伊織/亜美 あ~よかった MASTER ARTIST 2 -SECOND SEASON- 02
0%
三浦あずさ う・ふ・ふ・ふ ANIM@TION MASTER 生っすかSPECIAL 02
0%
秋月律子 会いたい気持 ANIM@TION MASTER 生っすかSPECIAL 03
0%
音無小鳥 ありがとう... ANIM@TION MASTER 生っすかSPECIAL 05
0%
菊地真 純♥愛・ジェネレーション THE IDOLM@STER 第1巻 特装版付録CD
0%
萩原雪歩 イチバンボシ THE IDOLM@STER 第1巻 特装版付録CD
0%
如月千早 サイレント・イヴ HARUKA&CHIHAYA COVER -WINTER SONGS-
0%
我那覇響 かざぐるま MASTER ARTIST 3 02
0%
星井美希 高鳴る MASTER ARTIST 3 04
0%
水瀬伊織 風立ちぬ MASTER ARTIST 3 05
0%
高槻やよい はらり、ひらり MASTER ARTIST 3 10
0%
三浦あずさ 久遠の河 MASTER ARTIST 3 11
0%
秋月律子 桜色舞うころ MASTER ARTIST 3 13
0%
四条貴音 焼け野が原 MASTER ARTIST 4 02
0%
高槻やよい メランコリニスタ MASTER ARTIST 4 03
0%
高槻やよい 手紙~愛するあなたへ~ MASTER ARTIST 4 03
0%
菊地真 愛のうた MASTER ARTIST 4 04
0%
菊地真 ロマンティック 浮かれモード MASTER ARTIST 4 04
0%
星井美希 イジワルしないで 抱きしめてよ MASTER ARTIST 4 07
0%
三浦あずさ 人生は夢だらけ MASTER ARTIST 4 08
0%
如月千早 歌う人 MASTER ARTIST 4 10
0%
如月千早 ハロー MASTER ARTIST 4 10
0%
萩原雪歩 桜見丘 MASTER ARTIST 4 11
0%
水瀬伊織 やさしい気持ち MASTER ARTIST 4 12
0%
水瀬伊織 あたしを彼女にしたいなら MASTER ARTIST 4 12
0%
秋月律子 Brand New Wave Upper Ground ANIM@TION MASTER 生っすかSPECIAL 03
0%
我那覇響 Buzzstyle MASTER ARTIST 3 02
0%
四条貴音 Destiny -太陽の花- MASTER ARTIST 3 06
0%
双海亜美 DIVE TO WORLD MASTER ARTIST 4 06
0%
四条貴音 GLAMOROUS SKY MASTER ARTIST 4 02
0%
萩原雪歩 How do you do? YAYOI&YUKIHO COVER -SUMMER SONGS-
0%
三浦あずさ Kiss Me Good-Bye MASTER ARTIST 07
0%
双海亜美 MONSTER DANCE MASTER ARTIST 4 06
0%
秋月律子 My Sweet Darlin' MASTER ARTIST 4 09
0%
秋月律子 NEW LIFE IORI&RITSUKO COVER -SPRING SONGS-
0%
如月千早 rise アイドルマスターブレイク!第2巻 限定版特製CD
0%
萩原雪歩 Snowdome MASTER ARTIST 3 09
0%
萩原雪歩 SPIRIT MASTER ARTIST 4 11
0%
双海真美 WHITE BIRTHDAY MASTER ARTIST 3 08
0%
四条貴音 WINTER COMES AROUND MASTER SPECIAL WINTER
0%
星井美希 部屋とYシャツと私 MASTER ARTIST 4 07
0%
三浦あずさ You're My Only Shinin' Star MASTER ARTIST 07
0%
No matching quizzes found
Score Distribution
Percent of People with Each Score
Percentile by Number Answered
Your Score History
You have not taken this quiz